1001 INVENTIONS THAT CHANGED THE WORLD (Record no. 474610)

MARC details
000 -LEADER
fixed length control field 00397pam a2200157a 44500
008 - FIXED-LENGTH DATA ELEMENTS--GENERAL INFORMATION
fixed length control field 230515b2013 xxu||||| |||| 00| 0 eng d
020 ## - INTERNATIONAL STANDARD BOOK NUMBER
International Standard Book Number 978-93-5009-685-7
041 ## - LANGUAGE CODE
Language code of text/sound track or separate title ENGLISH
082 ## - DEWEY DECIMAL CLASSIFICATION NUMBER
Classification number NULL
100 ## - MAIN ENTRY--PERSONAL NAME
Personal name CHALLONER JACK
245 ## - TITLE STATEMENT
Title 1001 INVENTIONS THAT CHANGED THE WORLD
250 ## - EDITION STATEMENT
Edition statement 1
260 ## - PUBLICATION, DISTRIBUTION, ETC.
Place of publication, distribution, etc. UK
Name of publisher, distributor, etc. NA
Date of publication, distribution, etc. 2013
300 ## - PHYSICAL DESCRIPTION
Extent 960
650 ## - SUBJECT ADDED ENTRY--TOPICAL TERM
Topical term or geographic name entry element 1001 INVENTIONS THAT CHANGED THE WORLD

No items available.